Entrada Personal Name
Número de registros utilizados en: 1
001 - CONTROL NUMBER
- control field: 17170
003 - CONTROL NUMBER IDENTIFIER
- control field: DLC
005 - DATE AND TIME OF LATEST TRANSACTION
- control field: 20250609164049.0
008 - FIXED-LENGTH DATA ELEMENTS
- fixed length control field: 861231n| azannaabn |b aaa
010 ## - LIBRARY OF CONGRESS CONTROL NUMBER
- LC control number: n 85280978
035 ## - SYSTEM CONTROL NUMBER
- System control number: (OCoLC)oca01757365
040 ## - CATALOGING SOURCE
- Original cataloging agency: DLC
- Language of cataloging: spa
- Description conventions: rda
- Transcribing agency: Mx-PuUPA
- Modifying agency: NjP
- Modifying agency: DLC
- Modifying agency: OCoLC
- Modifying agency: NNU-L
- Modifying agency: InU
- Modifying agency: Mx-PuUPA
046 ## - SPECIAL CODED DATES
- Birth date: 19470119
- Source of date scheme: edtf
100 1# - HEADING--PERSONAL NAME
- Personal name: Idel, Moshe,
- Dates associated with a name: 1947-
370 ## - ASSOCIATED PLACE
- Associated country: Israel
- Other associated place: Jerusalem
- Source of term: naf
372 ## - FIELD OF ACTIVITY
- Field of activity: Judaismo
- Source of term: lcsh
373 ## - ASSOCIATED GROUP
- Associated group: Universiṭah ha-ʻIvrit bi-Yerushalayim
- Associated group: Mekhon Shalom Harman (Jerusalén)
- Source of term: naf
374 ## - OCCUPATION
- Occupation: Profesores universitarios
- Source of term: lcsh
374 ## - OCCUPATION
- Occupation: Autor
375 ## - GENDER
- Gender: hombre
377 ## - ASSOCIATED LANGUAGE
- Language code: eng
- Language code: heb
400 1# - SEE FROM TRACING--PERSONAL NAME
- Personal name: Idel, Mosheh,
- Dates associated with a name: 1947-
400 1# - SEE FROM TRACING--PERSONAL NAME
- Personal name: Idel, Moché,
- Dates associated with a name: 1947-
400 1# - SEE FROM TRACING--PERSONAL NAME
- Personal name: Idel, Mošeh,
- Dates associated with a name: 1947-
400 1# - SEE FROM TRACING--PERSONAL NAME
- Personal name: אידל, משה
400 1# - SEE FROM TRACING--PERSONAL NAME
- Personal name: אידל, משה,
- Dates associated with a name: 1947־
400 1# - SEE FROM TRACING--PERSONAL NAME
- Personal name: אידל, משה,
- Dates associated with a name: 7491־
670 ## - SOURCE DATA FOUND
- Source citation: His The mystical experience in Abraham Abulafia, c1987:
- Information found: CIP t.p. (Moshe Idel) data sh. (b. 1/19/47)
670 ## - SOURCE DATA FOUND
- Source citation: Igeret ha-ḳodesh. Fr. Lettre sur ... 1986:
- Information found: t.p. (Moché Idel)
670 ## - SOURCE DATA FOUND
- Source citation: His Mesianismo y misticismo, c1994:
- Information found: t.p. (Mošeh Idel)
670 ## - SOURCE DATA FOUND
- Source citation: His Lawyers and mystics in Judaism, ©2010:
- Information found: t.p. (Moshe Idel) p. 1 (Max Cooper Professor in Jewish Thought, Department of Jewish Thought , Hebrew Univ., Jerusalem; senior researcher, Shalom Hartman Institute)